[Event "22nd OIBM 2018"]
[Site "Gmund am Tegernsee"]
[Date "2018.10.31"]
[Round "5"]
[White "Fahland, Matthias"]
[Black "Braun, Arik"]
[Result "0-1"]
[WhiteElo "2138"]
[BlackElo "2603"]
[Annotator "TA"]
[PlyCount "66"]
[EventDate "2018.10.27"]
[EventType "swiss"]
[EventCountry "GER"]
[SourceTitle "playchess.com"]
[Source "ChessBase"]
[SourceQuality "1"]

{[%evp 9,65,14,24,16,22,19,16,-7,25,28,43,34,53,60,63,46,49,33,49,45,55,38,66,48,69,40,45,45,31,43,47,34,26,8,52,-34,-16,-8,0,-89,21,23,39,0,0,0,0,-57,-51,-763,-758,-819,-819,-804,-787,-29998,-29999,-29999]} 1. d4 g6 2. c4 Bg7 3. e4 e6 4. Nf3 Ne7 5. Be2 d5 (5... O-O 6. O-O d5 7. cxd5 exd5 8. e5 Nd7 9. Nc3 f6 10. exf6 Nxf6 11. Bf4 c6 12. Be5 {1-0 (25) Yu,Y (2760)-Dubov,D (2696) Liaocheng 2018}) 6. cxd5 {B06: Modern Defence} exd5 7. e5 Nbc6 8. Bf4 $146 {The position is equal.} ({Predecessor:} 8. O-O O-O 9. Nc3 f6 10. exf6 Bxf6 11. Bh6 Re8 {1-0 (54) Philippe,G (2319)-Mirimanian,H (2243) Montigny le Bretonneux 2016}) 8... h6 9. h3 Be6 10. Nc3 a6 11. O-O Qd7 12. b4 O-O 13. a3 g5 14. Bh2 Ng6 15. Qd2 Nce7 16. Ne1 f6 {[%cal Rf6e5]} 17. Nd3 b6 18. Rac1 fxe5 19. Nxe5 Nxe5 20. Bxe5 Bxe5 21. dxe5 Ng6 $1 22. Bg4 (22. Rfd1 $14) 22... Bxg4 $15 23. hxg4 Rad8 24. Rfd1 {[#]} (24. Rfe1 $11) 24... Nf4 (24... c6 $1 $17 25. Qd4 Rde8) 25. f3 Qg7 26. g3 Ng6 27. Nxd5 {And now Nf6+ would win.} Nxe5 28. Qa2 (28. Qe2 $11 Rd7 29. f4 gxf4 30. Nxf4) 28... Kh8 $1 ({Reject} 28... Nxf3+ $6 29. Kg2 $16) 29. Rxc7 $2 {[%mdl 8192] [#]} (29. Qe2 $15) 29... Qxc7 $3 $19 {[%mdl 512]} 30. Nxc7 Rxd1+ 31. Kg2 {[#]} Rfd8 $1 32. Qe6 R8d2+ 33. Kh3 Rh1# {Precision: White = 30%, Black = 44%.} 0-1

[Event "22nd OIBM 2018"]
[Site "Gmund am Tegernsee"]
[Date "2018.10.31"]
[Round "5"]
[White "Farmani Anosheh, Yasha"]
[Black "Mons, Leon"]
[Result "0-1"]
[WhiteElo "2128"]
[BlackElo "2554"]
[Annotator "TA"]
[PlyCount "80"]
[EventDate "2018.10.27"]
[EventType "swiss"]
[EventCountry "GER"]
[SourceTitle "playchess.com"]
[Source "ChessBase"]
[SourceQuality "1"]

{[%evp 13,80,33,27,10,22,8,28,0,0,0,0,0,8,0,5,7,12,-48,-60,-83,-70,-62,-65,-85,-74,-84,-75,-103,-74,-73,-67,-80,-66,-65,-70,-118,-118,-135,-118,-118,-118,-118,-118,-118,-118,-133,-127,-188,-187,-187,-191,-216,-221,-213,-209,-404,-404,-1882,-1667,-1785,-1721,-1695,-1100,-974,-946,-4718,-4610,-29978,-29975]} 1. d4 Nf6 2. c4 e6 3. g3 d5 4. Nf3 dxc4 5. Bg2 Nc6 6. Qa4 Bb4+ 7. Bd2 Bd6 8. Nc3 {E04: Open Catalan: 5 Nf3} O-O 9. Qxc4 e5 10. dxe5 {White has an edge.} Nxe5 11. Nxe5 Bxe5 12. Rd1 c6 13. O-O (13. Bf4 Qe7 14. Bxe5 Qxe5 15. Qd4 Qc7 {½-½ (52) Xiong,J (2634)-Krasenkow,M (2671) Wijk aan Zee 2018}) 13... Be6 {[#]} 14. Qb4 $146 ({Predecessor:} 14. Qa4 Qb6 15. Qc2 Rad8 {0-1 (52) Tan,Z (2504)-Kosteniuk,A (2554) Huaian 2016}) 14... Qb6 15. Qxb6 (15. Qa3 $11) 15... axb6 $15 16. Be3 Bxc3 17. bxc3 b5 18. a3 Rfe8 ({Much weaker is} 18... Rxa3 $6 19. Bc5 $14) 19. Ra1 Bd5 20. Rfe1 Ra4 21. Bd4 Bxg2 22. Bxf6 gxf6 23. Kxg2 $17 {[%mdl 4096] Endgame KRR-KRR} Rc4 24. Reb1 Rxe2 25. a4 Rxa4 26. Rxa4 bxa4 27. Rxb7 {KR-KR} a3 {[%cal Ba4a3,Ba3a2][%mdl 32]} 28. Ra7 a2 29. c4 Kg7 30. g4 (30. Kf3 $17 {is a better defense.} Rc2 31. Ke3) 30... Rc2 31. Kg3 f5 {...Kf6 is the strong threat.} 32. gxf5 Kf6 33. Ra5 c5 {[#] White must now prevent ...Ke5.} 34. f4 $2 (34. Kf3) 34... Kxf5 $19 35. Rxc5+ (35. Kf3 $142) 35... Ke4 36. Ra5 Kd4 37. c5 Kc4 38. c6 Kb3 39. Rb5+ Ka4 40. Rb6 Ka5 {Precision: White = 47%, Black = 80%.} 0-1

[Event "22nd OIBM 2018"]
[Site "Gmund am Tegernsee"]
[Date "2018.10.31"]
[Round "5"]
[White "Gross, Willi"]
[Black "Caspi, Israel"]
[Result "0-1"]
[WhiteElo "2122"]
[BlackElo "2471"]
[Annotator "TA"]
[PlyCount "116"]
[EventDate "2018.10.27"]
[EventType "swiss"]
[EventCountry "GER"]
[SourceTitle "playchess.com"]
[Source "ChessBase"]
[SourceQuality "1"]

{[%evp 17,116,0,0,-16,-17,-11,32,-7,0,-68,-53,-49,-40,-103,-103,-95,-101,-156,-14,0,0,0,0,-58,-56,-305,-250,-394,-354,-470,-463,-416,-244,-231,-234,-231,-209,-223,-37,-375,-377,-493,-491,-481,-476,-690,-625,-591,-374,-355,-367,-348,-354,-365,-367,-555,-414,-976,-397,-516,-381,-335,-366,-573,-570,-533,-533,-424,-411,-411,-401,-786,-790,-790,-781,-604,-760,-739,-665,-763,-730,-841,-818,-1056,-1054,-1038,-1021,-1006,-970,-820,-809,-639,-600,-29958,-29956,-29961,-29962,-29950,-5102,-29980,-29982]} 1. d4 Nf6 2. Nf3 e6 3. Bf4 c5 4. c3 d5 5. e3 Nc6 6. Nbd2 Bd6 7. Bg3 O-O 8. Bd3 b6 9. Ne5 Bb7 10. f4 {D02: 1 d4 d5 2 Nf3 sidelines, including 2...Nf6 3 g3 and 2...Nf6 3 Bf4} (10. O-O Qc7 11. f4 Ne7 12. Qb1 Qc8 13. Bh4 Nf5 14. Bxf5 exf5 15. Bxf6 gxf6 16. Nef3 Qe6 17. Re1 Ba6 18. Nh4 cxd4 19. exd4 {1-0 (28) Korobov,A (2692)-Dominguez Perez,L (2739) Doha 2016}) 10... Ne7 11. Qf3 Rc8 12. Bf2 {White is slightly better.} Rc7 $146 ({Predecessor:} 12... cxd4 13. exd4 Nd7 14. O-O Bxe5 15. fxe5 f5 16. exf6 Nxf6 17. Qh3 Qd7 {0-1 (34) Martin Martin,L (2051)-Fuentes Arjona,A (1992) Madrid 2014}) 13. g4 (13. O-O $11) 13... Qa8 $15 14. g5 Ne4 15. Qh3 (15. Rg1 $15) 15... Nf5 $17 16. Rg1 a5 17. Ndf3 (17. a4 $142) 17... f6 (17... cxd4 $17 18. exd4 Qc8) 18. gxf6 $11 Rxf6 19. Ng4 $1 {Bxe4 is the strong threat.} Rg6 20. Bxe4 ({Better is} 20. Nh4 $11 Nxh4 21. Bxh4) 20... dxe4 $15 21. Nfe5 $2 (21. Ng5 $15 h6 22. Qh5) 21... Bxe5 $19 22. fxe5 (22. Nxe5 $142 Rh6 23. Qf1) 22... a4 23. a3 cxd4 24. exd4 Rf7 (24... Qa5 $142 25. Rd1 Qb5) 25. O-O-O {[#]} e3 $1 {[%mdl 512]} 26. Nxe3 (26. Bxe3 Be4) 26... Rh6 27. Qg4 {[#]} Bf3 $2 (27... Nxe3 $1 $19 28. Bxe3 Bf3 29. Bxh6 Bxg4 30. Rxg4 Qf3) 28. Qf4 $2 {[%mdl 8192]} (28. Nxf5 $15 Bxg4 29. Nxh6+ gxh6 30. Rxg4+ Rg7 31. Rdg1 Rxg4 32. Rxg4+ Kf8 33. Rf4+ Kg8 34. Rg4+ Kf7 35. Rf4+ Ke8 36. Rf6) 28... Bxd1 29. Nxf5 Rg6 30. Rxd1 Rxf5 31. Qe3 (31. Qh4 $142 Rg2 32. Be1) 31... Rf3 32. Qe1 Qd5 33. Bg3 Rg5 34. Qe2 {intending c4.} b5 35. Re1 Rgf5 36. Rg1 (36. Qe4 {is a better defense.} Qa2 37. Qb1 Qxb1+ 38. Kxb1) 36... h6 37. h4 (37. Re1 $142 g5 38. Kb1) 37... Kh8 (37... Qa2 $142 {( -> ...Rxc3+)} 38. Be1 {[#]} b4 $1 {[%mdl 512]}) 38. Be1 Qb7 39. Qg2 Qf7 40. Qe2 (40. Kd1 $142 Kg8 41. Qg6) 40... Rf1 41. Rxf1 Rxf1 {[%mdl 4096] Endgame KQR-KQB} 42. d5 Qf4+ 43. Kd1 Qf5 44. d6 (44. dxe6 $142 Qb1+ 45. Kd2 Qxb2+ 46. Ke3 Qxe2+ 47. Kxe2) 44... Qb1+ 45. Kd2 Qxb2+ 46. Ke3 Qxe2+ 47. Kxe2 {KR-KB} Rf5 48. Bg3 {White hopes to continue with h5.} Kg8 49. Ke3 Kf7 50. Kd4 Ke8 51. Kc5 Rf3 52. Be1 Re3 53. Bd2 Re2 54. Bf4 {[#]} g5 $1 55. hxg5 hxg5 {[%cal Bh6g5,Bg5g4][%mdl 32]} 56. Bc1 Kd7 57. Kxb5 Rxe5+ 58. Kxa4 g4 {Precision: White = 25%, Black = 71%.} 0-1

[Event "22nd OIBM 2018"]
[Site "Gmund am Tegernsee"]
[Date "2018.10.31"]
[Round "5"]
[White "Wenner, Tobias"]
[Black "Perske, Thore"]
[Result "0-1"]
[WhiteElo "2119"]
[BlackElo "2454"]
[Annotator "TA"]
[PlyCount "80"]
[EventDate "2018.10.27"]
[EventType "swiss"]
[EventCountry "GER"]
[SourceTitle "playchess.com"]
[Source "ChessBase"]
[SourceQuality "1"]

{[%evp 23,80,-21,-27,-8,0,-39,-34,-20,-16,-91,-51,-55,-32,-108,-105,-142,-145,-148,-153,-150,-147,-147,-138,-156,-147,-193,-142,-175,-161,-318,-329,-349,-366,-367,-366,-503,-470,-473,-458,-468,-463,-402,-395,-428,-475,-487,-479,-998,-931,-1322,-1295,-1142,-1110,-29987,-29988,-29988,-29987,-29989,-29988]} 1. Nf3 Nf6 2. c4 g6 3. g3 Bg7 4. Bg2 O-O 5. O-O d6 6. d4 c6 7. Nc3 Qb6 8. h3 Qa6 9. b3 b5 10. cxb5 cxb5 11. a4 b4 {E62: King's Indian: Fianchetto: 6...c6 and Panno Variation (6...Nc6) without ...a6} 12. Na2 (12. Nb5 Qb7 13. Bf4 Nc6 14. Rc1 Bd7 15. d5 Na5 16. Nfd4 Rfc8 17. Qd2 a6 18. Rxc8+ Bxc8 19. Nxd6 exd6 {½-½ (69) Jianu,V (2545)-Damljanovic,B (2555) Skopje 2011}) 12... Qb6 {LiveBook: 5 Games} 13. a5 Qb5 {The position is equal.} 14. Bd2 $146 ({Predecessor:} 14. Qd3 Qxd3 15. exd3 Nc6 16. Ne5 Nxd4 17. Bxa8 dxe5 18. Bg2 Bf5 19. Nxb4 {1-0 (31) Khusenkhojaev,M (2377)-Aleksanyan,G (1948) St Petersburg 2012}) 14... Nc6 15. Re1 $1 Ne4 16. e3 (16. Ne5 $1 $11 {keeps the balance.} dxe5 17. Bxe4) 16... Nxd2 17. Nxd2 d5 18. a6 (18. Rc1 $15 Nxa5 19. Rc5) 18... e5 $36 {[%cal Be7e5,Be5e4][%mdl 2080] Black is on the roll.} ({Reject} 18... Bxa6 $6 19. Bf1 $11) 19. Nf3 {[#]} e4 $1 {[%cal Re4f3]} ({But not} 19... Bxa6 $6 20. dxe5 Bb7 21. Nd4 $11) 20. Bf1 Qb6 21. Nh2 h5 22. h4 Rd8 {[%cal Rc6d4]} 23. Qd2 Bf8 24. f3 f5 (24... Bd6 $19 25. Qf2 Na5) 25. fxe4 fxe4 26. Be2 $2 (26. Nc1) 26... Bd6 $19 (26... Bxa6 27. Bxa6 Qxa6 28. g4 $17) 27. Kh1 Rf8 ({Less strong is} 27... Bxa6 28. g4 $17) 28. Rg1 Ne7 29. g4 Rf2 {[%csl Gd6][%cal Rf2h2]} 30. Rg2 Rxg2 31. Kxg2 Bxh2 32. Kxh2 Qd6+ 33. Kg2 Bxg4 34. Bxg4 hxg4 35. Qxb4 (35. Rf1 $142 Nf5 {[#]} 36. Rxf5 $1 {[%mdl 512]} gxf5 37. Qxb4) 35... Qf6 {aiming for ...Qf3+.} 36. Rf1 Nf5 37. Kg1 Qxh4 {( -> ...Qg3+)} 38. Qb7 Qg3+ {Black mates.} 39. Kh1 Qh3+ 40. Kg1 Qxe3+ {Precision: White = 33%, Black = 81%.} 0-1

[Event "22nd OIBM 2018"]
[Site "Gmund am Tegernsee"]
[Date "2018.10.31"]
[Round "5"]
[White "Roemhild, Marcus"]
[Black "Miller, Eduard"]
[Result "0-1"]
[WhiteElo "2107"]
[BlackElo "2383"]
[Annotator "TA"]
[PlyCount "84"]
[EventDate "2018.10.27"]
[EventType "swiss"]
[EventCountry "GER"]
[SourceTitle "playchess.com"]
[Source "ChessBase"]
[SourceQuality "1"]

{[%evp 9,84,-13,-16,-14,-10,-38,-29,-40,-29,-27,-26,-52,-52,-68,-33,-40,0,-33,-21,-31,-17,-38,-38,-51,-9,-141,-110,-118,-108,-102,-107,-123,-129,-124,-120,-168,-57,-78,-64,-90,-36,-24,-21,-21,-22,-54,-47,-48,-42,-60,-50,-73,-74,-112,-112,-110,-99,-100,-103,-267,-257,-485,-439,-573,-573,-574,-573,-558,-557,-549,-549,-539,-491,-491,-345,-6231,-6224]} 1. d4 d5 2. Nc3 Nf6 3. Bg5 g6 4. Bxf6 exf6 5. e3 Bg7 {LiveBook: 13 Partien} 6. Be2 {D01: Damenbauernspiele (Richter-Weressow)} O-O $146 ({Vorgänger:} 6... c6 7. Nf3 Bg4 8. O-O O-O 9. Nd2 Bxe2 10. Nxe2 f5 11. c4 c5 12. dxc5 Na6 13. cxd5 Qxd5 {0-1 (30) Groszpeter,A (2480)-Beliavsky,A (2590) Bucharest 1980}) 7. Bf3 c6 8. Nge2 {Schwarz hat minimalen Vorteil.} Re8 9. O-O Nd7 10. e4 dxe4 11. Nxe4 Nf8 12. c3 g5 {zielt auf ...f5 ab.} 13. g3 Bh3 {Und weiter mit ...g4 wäre nett.} 14. Re1 Ne6 15. Bh1 f5 $36 {[%mdl 2048] Schwarz hat gut koordiniertes Spiel.} 16. Nd2 Qc7 17. f3 (17. Nc1 $11 {hält das Gleichgewicht.}) 17... Re7 18. Bg2 Bxg2 19. Kxg2 Rae8 20. Kf2 Qd7 21. Qc2 Nc7 ({Nicht} 21... Nxd4 22. Nxd4 Bxd4+ 23. cxd4 $16) 22. Rad1 {[#]} Nd5 (22... f4 $1 $19 {[%mdl 512] ...Sd5 ist eine echte Drohung.} 23. Ne4 (23. gxf4 Qh3) 23... Qh3) 23. Nf1 $1 $15 f4 {Droht stark ...Se3.} 24. Ng1 Ne3 (24... b5 $17 25. Rxe7 Qxe7) 25. Nxe3 Rxe3 26. Rxe3 Rxe3 27. Re1 Rxe1 28. Kxe1 fxg3 29. hxg3 Qe6+ 30. Kf2 Qxa2 31. g4 a5 {[%cal Ba7a5,Ba5a4][%mdl 32]} 32. Ne2 a4 33. Nc1 Qc4 34. Qf5 $2 {[#]} (34. Qd3 $17 Qd5 35. Qe3) 34... Bxd4+ $1 $19 {[%mdl 512]} 35. cxd4 $2 (35. Ke1 Be3 36. Ne2) 35... Qxc1 {[%mdl 4096] Endspiel KD-KD} 36. Qc8+ Kg7 37. Qxb7 Qd2+ 38. Kg3 Qf4+ 39. Kg2 Qxd4 40. Kh3 Qd5 41. Kg3 Qe5+ 42. Kf2 $2 (42. Kh3 Qb5 43. Qe7) 42... Qb5 {Precision: Weiß = 30%, Schwarz = 57%.} 0-1

[Event "22nd OIBM 2018"]
[Site "Gmund am Tegernsee"]
[Date "2018.10.31"]
[Round "5"]
[White "Yakimenko, Alexander A."]
[Black "Singer, Christoph"]
[Result "1/2-1/2"]
[WhiteElo "2101"]
[BlackElo "2344"]
[Annotator "ChessBase"]
[PlyCount "81"]
[EventDate "2018.10.27"]
[EventType "swiss"]
[EventCountry "GER"]
[SourceTitle "playchess.com"]
[Source "ChessBase"]
[SourceQuality "1"]
[TimeControl "40/5400+30:1800+30"]

1. e4 {[%emt 0:00:00]} e5 {[%emt 0:00:00]} 2. Nf3 {[%emt 0:00:00]} Nc6 {[%emt 0:00:00]} 3. Bb5 {[%emt 0:00:28]} Nf6 {[%emt 0:00:00]} 4. O-O {[%emt 0:01:13]} Nxe4 {[%emt 0:00:00]} 5. Re1 {[%emt 0:00:14]} Nd6 {[%emt 0:00:07]} 6. Nxe5 {[%emt 0:00:08]} Be7 {[%emt 0:00:06]} 7. Bf1 {[%emt 0:00:48]} O-O {[%emt 0:11:50]} 8. d4 {[%emt 0:09:43]} Nf5 {[%emt 0:00:47]} 9. c3 {[%emt 0:02:09]} d5 {[%emt 0:07:49]} 10. Bf4 {[%emt 0:12:33]} Nxe5 {[%emt 0:07:50]} 11. Bxe5 {[%emt 0:01:07]} c5 {[%emt 0:02:25]} 12. Bd3 {[%emt 0:06:33]} c4 {[%emt 0:19:20]} 13. Bf1 {[%emt 0:08:43]} Be6 {[%emt 0:03:01]} 14. Nd2 {[%emt 0:04:16]} Qd7 {[%emt 0:02:29]} 15. Nf3 {[%emt 0:05:32]} Rfe8 {[%emt 0:01:31]} 16. Qd2 {[%emt 0:02:45]} f6 {[%emt 0:01:32]} 17. Bf4 {[%emt 0:04:19]} g5 {[%emt 0:02:43]} 18. Bg3 {[%emt 0:07:58]} h5 {[%emt 0:11:07]} 19. h4 {[%emt 0:04:02]} g4 {[%emt 0:02:20]} 20. Nh2 {[%emt 0:02:58]} Nxg3 {[%emt 0:01:02]} 21. fxg3 {[%emt 0:00:08]} Kg7 {[%emt 0:03:55]} 22. Be2 {[%emt 0:04:53]} Bd6 {[%emt 0:00:16]} 23. Nf1 {[%emt 0:00:08]} Qc7 {[%emt 0:02:10]} 24. Bd1 {[%emt 0:03:23]} Bf5 {[%emt 0:06:46]} 25. Ba4 {[%emt 0:03:36]} Rxe1 {[%emt 0:05:36]} 26. Rxe1 {[%emt 0:00:19]} Bd3 {[%emt 0:03:03]} 27. Qf2 {[%emt 0:05:52]} Rf8 {[%emt 0:00:49]} 28. Bc2 {[%emt 0:01:26]} f5 {[%emt 0:01:20]} 29. Re6 {[%emt 0:03:56]} f4 {[%emt 0:01:44]} 30. Bxd3 {[%emt 0:01:19]} cxd3 {[%emt 0:00:09]} 31. Qd2 {[%emt 0:01:20]} Qd7 {[%emt 0:00:35]} 32. Qe1 {[%emt 0:02:58]} fxg3 {[%emt 0:00:52]} 33. Re5 {[%emt 0:00:39]} Rxf1+ {[%emt 0:01:26]} 34. Kxf1 {[%emt 0:00:37]} Qf7+ {[%emt 0:00:55]} 35. Kg1 {[%emt 0:00:04]} Bxe5 {[%emt 0:00:44]} 36. Qxe5+ {[%emt 0:00:37]} Kh6 {[%emt 0:00:49]} 37. Qxg3 {[%emt 0:00:15]} Qf5 {[%emt 0:00:01]} 38. Qe3+ {[%emt 0:00:55]} Kg6 {[%emt 0:00:21]} 39. Qe8+ {[%emt 0:00:17]} Kg7 {[%emt 0:00:27]} 40. Qe7+ {[%emt 0:00:34]} Kg6 {[%emt 0:00:11]} 41. Qe8+ {[%emt 0:30:42]} 1/2-1/2

[Event "22nd OIBM 2018"]
[Site "Gmund am Tegernsee"]
[Date "2018.10.31"]
[Round "5"]
[White "Pollmann, Sascha"]
[Black "Koepke, Christian"]
[Result "1-0"]
[WhiteElo "2091"]
[BlackElo "2331"]
[Annotator "TA"]
[PlyCount "67"]
[EventDate "2018.10.27"]
[EventType "swiss"]
[EventCountry "GER"]
[SourceTitle "playchess.com"]
[Source "ChessBase"]
[SourceQuality "1"]

{[%evp 19,67,22,36,27,29,22,18,18,22,-10,17,12,29,13,6,21,36,24,33,15,15,0,0,0,0,-9,41,-13,0,0,323,324,482,450,529,529,529,527,517,520,650,639,762,429,429,429,429,429,429,429]} 1. Nf3 Nf6 2. g3 g6 3. Bg2 Bg7 4. O-O O-O 5. d3 d6 6. e4 c5 7. Re1 Nc6 8. c3 Bg4 9. h3 Bxf3 10. Qxf3 Nd7 {LiveBook: 12 Games. A05: Réti Opening: 1 Nf3 Nf6} (10... Rb8 11. Qd1 Nd7 12. a4 a6 13. h4 Qc7 14. h5 b5 15. axb5 axb5 16. Bh3 b4 17. c4 Nd4 18. Kg2 Ra8 19. Rxa8 Rxa8 {0-1 (40) Guerra Mendez,J (2534)-Mareco,S (2653) Barcelona 2018}) 11. Be3 $146 ({Predecessor:} 11. Qe2 Qc7 12. Na3 Rab8 13. Nc2 b5 14. a3 a5 15. a4 b4 16. Bd2 Rfc8 17. Ne3 Qd8 18. f4 {½-½ (29) Vujadinovic,G (2338)-Drazic,S (2415) Kac 2016}) 11... b5 12. Nd2 b4 {The position is equal.} 13. Rec1 Rb8 14. Nc4 bxc3 15. bxc3 Nb6 (15... Na5 {feels hotter.} 16. Nd2 Ne5 17. Qe2 Rb2 18. Qf1 Nec6) 16. Nxb6 Qxb6 17. Qd1 Qb2 18. Rc2 Qa3 19. Rac1 {[%cal Ba1c1,Bc1c2,Bc2a2,Ba2a5][%mdl 32]} Rb2 20. Qd2 Rfb8 21. d4 $36 {[%mdl 2048] White fights for an advantage.} Qxa2 22. e5 Na5 23. Bf1 ({White should play} 23. Rxb2 $14 Qxb2 24. Qxb2 Rxb2 25. exd6 (25. dxc5 dxc5 26. Ra1 Nc4 $14) 25... exd6 26. dxc5 dxc5 27. Rd1 (27. Bxc5 $2 Nb3 $19) 27... Bxc3 28. Bxc5) 23... Rxc2 24. Rxc2 Qa1 $2 {[%mdl 8192]} (24... Qb3 $11) 25. Ra2 $18 Qb1 (25... Nc4 {was worth a try.}) 26. Rxa5 {White is clearly winning.} Rb2 27. Rxa7 {[#] Qxb2 is the strong threat.} h6 28. Qc1 Qxc1 29. Bxc1 Rc2 30. Be3 Rxc3 31. exd6 exd6 32. dxc5 dxc5 33. Ra8+ Kh7 34. Rc8 {Precision: White = 58%, Black = 51%.} 1-0

[Event "22nd OIBM 2018"]
[Site "Gmund am Tegernsee"]
[Date "2018.10.31"]
[Round "5"]
[White "Pasti, Aron"]
[Black "Groetzbach, Julian"]
[Result "1-0"]
[WhiteElo "2085"]
[BlackElo "2247"]
[Annotator "TA"]
[PlyCount "63"]
[EventDate "2018.10.27"]
[EventType "swiss"]
[EventCountry "GER"]
[SourceTitle "playchess.com"]
[Source "ChessBase"]
[SourceQuality "1"]

{[%evp 10,63,0,-10,0,-5,29,-12,25,-4,3,-7,0,0,0,0,2,-48,-25,-29,-28,-33,-43,-50,12,14,36,-6,119,125,84,60,94,70,103,78,841,17,23,14,51,55,67,60,1866,1929,29972,2196,29994,29984,29990,29991,29996,29997,29997,-2389]} 1. e4 c5 2. Nf3 Nc6 3. Nc3 e6 4. Be2 a6 5. a4 (5. d4 cxd4 6. Nxd4 d6 7. Be3 Nf6 8. f4 Bd7 9. Bf3 Rc8 10. O-O Be7 11. a4 O-O 12. Nb3 e5 13. a5 exf4 14. Bxf4 Ne5 15. Be2 Re8 {0-1 (66) Sethuraman,S (2646)-Artemiev,V (2691) Riadh 2017}) 5... Nf6 6. O-O {LiveBook: 3 Partien. B40: Sizilianisch (Klassisches System mit e7-e6)} d5 7. exd5 Nxd5 8. Ne4 {Weiß hat minimalen Vorteil.} e5 $146 ({Vorgänger:} 8... Be7 9. d3 O-O 10. Bd2 b6 11. Re1 Bb7 12. h3 Nd4 {0-1 (65) Ardila,O (2043)-Rodriguez,G (2167) Quibdo 2015}) 9. c3 Be7 10. d4 cxd4 11. cxd4 f5 12. Nc3 e4 13. Ne1 Nf6 14. d5 $1 {[%cal Rd5c6]} Ne5 15. Qb3 Bd6 16. f3 Bc5+ (16... O-O $15) 17. Kh1 $11 exf3 18. Bxf3 Nfg4 (18... O-O $11 {bleibt in der Remisbreite.}) 19. Bxg4 $1 $16 Nxg4 20. Nd3 Bd6 $1 {[#] Droht stark ...Dh4.} 21. Re1+ Kf7 {zielt auf ...Dh4 ab.} 22. Bf4 Bxf4 $4 {[%mdl 8192]} (22... g5 $16 23. Ne5+ Nxe5 24. Bxe5 Re8 25. Bxd6 Rxe1+ 26. Rxe1 Qxd6) 23. Nxf4 $2 (23. d6+ $1 $18 Kf8 24. Re7 (24. Nxf4 Qxd6 25. Rf1 g5 $16)) 23... Qd6 $1 $11 {[%cal Rd6f4]} 24. g3 $36 {[%mdl 2048] Und weiter mit Te6! wäre nett. Weiss hat Initiative.} h5 {Weiss sollte ...h4 verhindern.} 25. Re6 Bxe6 26. dxe6+ Kf6 $2 {[%mdl 8192]} (26... Kg8 $14) 27. Qxb7 $18 Qf8 {[#]} 28. h4 (28. e7 $142 $1 {[%mdl 512]} Nf2+ (28... Qxe7 29. Ncd5+) 29. Kg2 Qe8 30. Qb6+ Kxe7 31. Qe6+ Kf8 32. Ng6+ (32. Kxf2 Qxe6 33. Nxe6+ Kf7 $16) 32... Qxg6 33. Qxg6) 28... Rb8 29. Qc7 {[%cal Rc3d5] Weiß setzt Matt.} Ne3 30. Re1 g5 31. Ncd5+ Nxd5 32. Re3 $4 {[%mdl 40960] Precision: Weiß = 44%, Schwarz = 21%. . Loss on Time!?} (32. Qe5+ {nur so kann Weiss gewinnen.} Ke7 33. Nxd5+ Ke8 34. Qxb8#) 1-0

[Event "22nd OIBM 2018"]
[Site "Gmund am Tegernsee"]
[Date "2018.10.31"]
[Round "5"]
[White "Bajorski, Marius"]
[Black "Tscharotschkin, Michael"]
[Result "1/2-1/2"]
[WhiteElo "2083"]
[BlackElo "2236"]
[Annotator "TA"]
[PlyCount "38"]
[EventDate "2018.10.27"]
[EventType "swiss"]
[EventCountry "GER"]
[SourceTitle "playchess.com"]
[Source "ChessBase"]
[SourceQuality "1"]

{[%evp 15,17,22,45,46]} 1. e4 c6 2. d4 d5 3. Nc3 dxe4 4. Nxe4 Nf6 5. Nxf6+ exf6 6. c3 Bd6 7. Bd3 O-O 8. Qc2 g6 {LiveBook: 23 Games} 9. h4 {B15: Caro-Kann: 3 Nc3: 3...g6 and 3...dxe4 4 Nxe4 Nf6 5 Nxf6+ exf6} (9. Ne2) {Predecessor:} 9... Nd7 $146 10. h5 f5 11. hxg6 hxg6 12. Ne2 Qf6 13. Bh6 Re8 14. O-O-O b5 15. Kb1 Nb6 16. Qc1 Be6 17. Bg5 Qg7 18. Bh6 Qf6 19. Bg5 Qg7 {½-½ (19) Ferguson,M (2392)-Lendwai,R (2416) Saint Vincent 2005} 1/2-1/2